The princess and the pea

Bibliographic Details
Other Authors: Baxter,Nicola, Robert,Ayton
Format: Book
Published: London : Ladybird books Ltd , 1993
Series:Ladybird favourite tales
Subjects:

MARC

LEADER 00000cam a2200000 7i4500
001 0000003965
005 20220105103955.0
008 070724
020 |a 0721415504 
090 0 0 |a JP   |b FT ENG (5156) 
245 0 4 |a The princess and the pea   |c This ladybird retelling by Nicola Baxter;Illustrated by Robert Ayton 
260 |a London :   |b Ladybird books Ltd ,   |c 1993 
440 |a Ladybird favourite tales 
500 |a Children age 4-6 years old (yellow) 
650 0 |a Fairy tale 
650 0 |a Junior preschool   |x English   |x Languages 
700 0 |a Baxter,Nicola 
700 0 |a Robert,Ayton 
999 |a 0000020371   |b Book   |c Children Collection   |e Cawangan Taman Universiti 
999 |a 0000894407   |b Book   |c Children Collection   |e Cawangan Mersing 
999 |a 0000894408   |b Book   |c Children Collection   |e Cawangan Segamat 
999 |a 0000894411   |b Book   |c Children Collection   |e Cawangan Tmn. Ungku Tun Aminah 
999 |a 0000894413   |b Book   |c Children Collection   |e Cawangan Bandar Penawar 
999 |a 0000894418   |b Book   |c Children Collection   |e Cawangan Mersing 
999 |a 0000972736   |b Book   |c Children Collection   |e Perbadanan Perpustakaan Awam Johor 
999 |a 0000972737   |b Book   |c Children Collection   |e Perbadanan Perpustakaan Awam Johor 
999 |a 0000972738   |b Book   |c Children Collection   |e Perbadanan Perpustakaan Awam Johor 
999 |a 0000972739   |b Book   |c Children Collection   |e Perbadanan Perpustakaan Awam Johor 
999 |a 0000972740   |b Book   |c Children Collection   |e Perbadanan Perpustakaan Awam Johor